00589 a2200157 45000010006000000050017000060080041000230030015000640400040000790800157001192450065002762640035003413000019003760410008003951000028004036186820260407155910.0260407a1970 arg spa dAR-UNSa-BCEJYS aAR-UNSa-BCEJYSbspacAR-UNSa-BCEJYS a347.72.036xRepresentación y administración de la compañía. Junta general anual. Administradores. Delegados. Síndicos. Directores. Fiduciarios10aLa vacancia del director y la reintegración del directorio 1aBuenos Aires :bCangalloc1970 a148 p.c20 cm. aspa1 aSuarez Anzorena, Carlos